CDM Regulations (Record no. 103936)

MARC details
000 -LEADER
fixed length control field 01506cam a2200313 4500
008 - FIXED-LENGTH DATA ELEMENTS--GENERAL INFORMATION
fixed length control field #DATE n2004 000 0 eng u
020 ## - INTERNATIONAL STANDARD BOOK NUMBER
International Standard Book Number 0860176029
035 ## - SYSTEM CONTROL NUMBER
System control number (Sirsi) u128500
041 ## - LANGUAGE CODE
Language code of text/sound track or separate title eng
050 ## - LIBRARY OF CONGRESS CALL NUMBER
Classification number 690.22
-- 18
100 ## - MAIN ENTRY--PERSONAL NAME
Personal name Gilbertson, Alan
245 ## - TITLE STATEMENT
Title CDM Regulations
Remainder of title practical guidance for clients and clients' agents
260 ## - PUBLICATION, DISTRIBUTION, ETC.
Place of publication, distribution, etc. London
Name of publisher, distributor, etc. CIRIA
Date of publication, distribution, etc. 2004
300 ## - PHYSICAL DESCRIPTION
Extent 86p.
Dimensions 30cm.
350 ## - PRICE (NR) (BK AM CF MU VM SE) [OBSOLETE]
Price 50
490 ## - SERIES STATEMENT
Series statement CIRIA Publication
Volume/sequential designation C602
520 ## - SUMMARY, ETC.
Summary, etc. Provides advice for clients and their advisors on a client's legal duties under the Construction (Design and Management) Regulations 1994. Also explains the benefits that arise from the Regulations and how a client may develop a strategy for meeting the legal obligations in an effective manner. Glossary and references.
520 ## - SUMMARY, ETC.
Summary, etc. This second edition takes account of the 2001 HSE document, "Managing health and safety in construction: Construction (Design and Management) Regulations 1994 - approved code of practice and guidance" (ISBN 0717621391).
650 ## - SUBJECT ADDED ENTRY--TOPICAL TERM
Topical term or geographic name entry element CLIENTS
650 ## - SUBJECT ADDED ENTRY--TOPICAL TERM
Topical term or geographic name entry element CONSTRUCTION MANAGEMENT
9 (RLIN) 6230
650 ## - SUBJECT ADDED ENTRY--TOPICAL TERM
Topical term or geographic name entry element CDM REGULATIONS
650 ## - SUBJECT ADDED ENTRY--TOPICAL TERM
Topical term or geographic name entry element CONSTRUCTION (DESIGN AND MANAGEMENT) REGULATIONS 1994
650 ## - SUBJECT ADDED ENTRY--TOPICAL TERM
Topical term or geographic name entry element HEALTH AND SAFETY
9 (RLIN) 6244
690 ## - LOCAL SUBJECT ADDED ENTRY--TOPICAL TERM (OCLC, RLIN)
Topical term or geographic name as entry element BUILT ENVIRONMENT-BUILDING STANDARDS
710 ## - ADDED ENTRY--CORPORATE NAME
Corporate name or jurisdiction name as entry element WS Atkins Consultants Ltd
9 (RLIN) 3623
710 ## - ADDED ENTRY--CORPORATE NAME
Corporate name or jurisdiction name as entry element Construction Industry Research and Information Association
9 (RLIN) 4810
710 ## - ADDED ENTRY--CORPORATE NAME
Corporate name or jurisdiction name as entry element United Kingdom
Subordinate unit Department of Trade and Industry
942 ## - ADDED ENTRY ELEMENTS (KOHA)
Suppress in OPAC 0
Holdings
Withdrawn status Lost status Source of classification or shelving scheme Damaged status Not for loan Home library Current library Shelving location Date acquired Total Checkouts Full call number Barcode Date last seen Date last checked out Copy number Price effective from Koha item type
    Dewey Decimal Classification     London London Books 14/01/2005 13 CIRIA REPORTS 30067394 10/06/2024 29/05/2007 1 06/08/2019 Book